000 01030nam a22003137a 4500
001 BR7806461
003 BR-BrBNA
005 20230928085747.0
007 ta
008 230509b bl.||||| |||| 00| 0 por d
040 _aBR-BrBNA
_bpor
_cBiblioteca Nacional de Agricultura
041 _a(Por)
072 _aM20
_b/GM40
090 _ M20 BR7806461
100 1 _aMeireles, D.S.
100 1 _aLorenzzetti, J.A.
100 1 _aSteffen, C.A.
110 1 _aInstituto de Pesquisas Espaciais, Sao Jose dos Campos, SP (Brasil)
245 1 _aMissao hidrosere 2 [hidrografia, sensoriamento remoto, batimetria, Cabo Frio, Brasil]
_bINPE-1268-NTE/121
260 3 _aSao Jose dos Campos, SP (Brasil):
_c1978.
300 _a95 p.
500 _aSummary (Por). (*) Documento disponível na(o) Instituto de Pesquisas Espaciais, Sao Jose dos Campos, SP (Brazil)
650 _aOCEANOGRAFIA
650 _aHIDROGRAFIA
650 _aSENSORIAMENTO REMOTO
650 _aCABO FRIO
909 _a202309
_bLucia
_c55
_dLucia Elande
942 _cBK
999 _c26172
_d26172